000 00434nam a22001697a 4500
003 SGT
020 _a9788186809594
082 _a617.525
_bT14B
100 _aBali, Rishi Kumar
245 _aTextbook of Exodontia & Local Anesthesia in Dental Practice
250 _a2nd
260 _aNew Delhi, India
_bArya Medi Publisher
_c2014
300 _a432
650 _aAnesthesia
653 _aAnesthesia; Dentistry
942 _2ddc
_cBK
_025
999 _c24683
_d24683